000 00329 a2200157 4500
001 44663
020 _a8599007246
040 _cAnchieta - Aquarius
100 _aGouveia, Luis Augusto
240 1 0 _aLeandro
_lpor
245 1 0 _aLeandro
300 _a39
362 0 _a2005
650 4 _aLiteratura infanto-juvenil
942 _cBK
999 _c44663
_d44663